Abnormal psychology (Record no. 240598)

MARC details
000 -LEADER
fixed length control field 01284nam a22002777a 4500
003 - CONTROL NUMBER IDENTIFIER
control field St Aloysius Coll
005 - DATE AND TIME OF LATEST TRANSACTION
control field 20251030112959.0
008 - FIXED-LENGTH DATA ELEMENTS--GENERAL INFORMATION
fixed length control field 251029b |||||||| |||| 00| 0 eng d
020 ## - INTERNATIONAL STANDARD BOOK NUMBER
International Standard Book Number 9789353065591
040 ## - CATALOGING SOURCE
Transcribing agency AL
041 ## - LANGUAGE CODE
Language code of text/sound track or separate title English
082 ## - DEWEY DECIMAL CLASSIFICATION NUMBER
Classification number 616.89
Item number BUTA
100 ## - MAIN ENTRY--PERSONAL NAME
Personal name Jill M Hooley
9 (RLIN) 243100
245 ## - TITLE STATEMENT
Title Abnormal psychology
250 ## - EDITION STATEMENT
Edition statement 17th
260 ## - PUBLICATION, DISTRIBUTION, ETC.
Place of publication, distribution, etc. Noida
Name of publisher, distributor, etc. Pearson
Date of publication, distribution, etc. 2024
300 ## - PHYSICAL DESCRIPTION
Extent xxvi,83p
Other physical details PB
Dimensions 25x20.5cm.
365 ## - TRADE PRICE
Source of price type code General
Price type code 4225
Price amount ₹832.00
Currency code
Unit of pricing ₹1040.00
Price note 20%
Price effective from 23/10/2025
520 ## - SUMMARY, ETC.
Summary, etc. Abnormal Psychology, 17e provides a comprehensive and engaging introduction to the primary psychological disorders studied within the discipline. Maintaining a focus on individuals, who are at the heart of the study of abnormal psychology, the authors employ a biopsychosocial approach to help achieve a holistic understanding of the context in which behavioral abnormalities occur. The Seventeenth Edition has also been extensively updated to reflect DSM-5 diagnostic categories, classifications, and criteria.
650 ## - SUBJECT ADDED ENTRY--TOPICAL TERM
Source of heading or term Abnormal Psychology
Topical term or geographic name entry element Psychology
9 (RLIN) 243101
700 ## - ADDED ENTRY--PERSONAL NAME
Personal name Butcher, James N
9 (RLIN) 243102
700 ## - ADDED ENTRY--PERSONAL NAME
Personal name Nock, Mattthew K
9 (RLIN) 243167
700 ## - ADDED ENTRY--PERSONAL NAME
Personal name Mineka, Susan
9 (RLIN) 243168
700 ## - ADDED ENTRY--PERSONAL NAME
Personal name Kapur, Preeti
9 (RLIN) 243169
942 ## - ADDED ENTRY ELEMENTS (KOHA)
Source of classification or shelving scheme Dewey Decimal Classification
Koha item type Book
Holdings
Withdrawn status Lost status Source of classification or shelving scheme Damaged status Not for loan Collection code Home library Current library Date acquired Source of acquisition Cost, normal purchase price Total Checkouts Full call number Barcode Date last seen Cost, replacement price Price effective from Koha item type
    Dewey Decimal Classification     Corporate Psychology St Aloysius PG Library St Aloysius PG Library 10/28/2025 Biblios Book Point 832.00   616.89 BUTA PG025113 10/29/2025 1040.00   Book